01022nam a2200289Ia 4500001000900000003000500009005001700014008004100031010001100072020001800083040000900101082002100110100002400131245015300155260004900308300001600357500010500373503000800478650002600486650003300512650002800545650002800573650002600601650003500627700003200662700003800694dia_6279CHAP20251023171451.0220117s2000 xx 000 0 und d a177678 a970-613-563-4 cCHAP a658.403 L57 2000 aLipman-Blumen, Jean aHot groups : grupos que energizan la efectividad organizacional /c Jean Lipman-Blumen y Harold J. Leavitt ; traducción Pilar Mascaro Sacristán aMéxico :b Oxford University Press,c2000 axvi, 289 p. aTítulo original: Hot groups : seeding them, feeding them, & using them to iguite your organization aC/e aDecisión de grupo  aEfectividad organizacional  aEficiencia industrial  aGroup decision making  aIndustrial efficiency aOrganizational effectiveness  aLeavitt, Harold J., coaut.  aMascaró Sacristán, Pilar, tr.